|
|
|
|
| LEADER |
00000nam0a2200000 4500 |
| 001 |
157344 |
| 005 |
20240307145206.0 |
| 010 |
|
|
|a 978-0-521-01171-6
|
| 035 |
|
|
|a (RuTPU)RU\TPU\book\170663
|
| 035 |
|
|
|a RU\TPU\book\139017
|
| 090 |
|
|
|a 157344
|
| 100 |
|
|
|a 20090407d2008 m||y0rusy50 ba
|
| 101 |
0 |
|
|a eng
|
| 102 |
|
|
|a GB
|
| 105 |
|
|
|a a j 000yy
|
| 181 |
|
0 |
|a i
|b e
|
| 182 |
|
0 |
|a n
|
| 183 |
|
0 |
|a nc
|2 RDAcarrier
|
| 200 |
1 |
|
|a English Vocabulary in Use. Pre-Intermediate and Intermediate
|e 100 units of vocabulary reference and practice
|e self-study and classroom use
|f Stuart Redman
|
| 205 |
|
|
|a 2nd ed.
|
| 210 |
|
|
|a Cambridge
|c Cambridge University Press
|d 2008
|
| 215 |
|
|
|a 263 p.
|c il.
|
| 606 |
1 |
|
|a Английский язык
|x Учебные руководства и пособия
|x Пособия по развитию речи, разговорники
|2 stltpush
|3 (RuTPU)RU\TPU\subj\29074
|9 52486
|
| 610 |
1 |
|
|a лексика
|
| 610 |
1 |
|
|a разговорная речь
|
| 610 |
1 |
|
|a упражнения
|
| 610 |
1 |
|
|a учебные пособия
|
| 686 |
|
|
|a Ш143.21-923.4
|2 rubbk
|
| 700 |
|
1 |
|a Redman
|b S.
|g Stuart
|
| 801 |
|
1 |
|a RU
|b 63413507
|c 20071228
|g PSBO
|
| 801 |
|
2 |
|a RU
|b 63413507
|c 20200528
|g PSBO
|
| 942 |
|
|
|c BK
|